| 000 | 00932cpmaa2200265 a 4500 | ||
|---|---|---|---|
| 001 | mm 79001730 | ||
| 003 | DLC | ||
| 005 | 20260227111637.0 | ||
| 008 | 791113|||||||||||| eng | ||
| 010 | _amm 79001730 | ||
| 040 |
_aDLC _edacs _cDLC _dDLC |
||
| 072 | 7 |
_aW _2lcmd |
|
| 100 | 1 |
_aShepherd, Oliver Lathrop, _d-1894. |
|
| 245 | 0 | 0 |
_aOliver Lathrop Shepherd correspondence, _f1873 May 14. |
| 300 |
_a1 _fitem. |
||
| 506 | 0 | _aOpen to research. | |
| 520 | 8 | _aALS written by Shepherd to T. Wendell regarding a personal financial matter. | |
| 545 | 0 | _aArmy officer. | |
| 546 | _aCollection material in English. | ||
| 580 | _aForms part of: Miscellaneous Manuscripts collection. | ||
| 600 | 1 | 0 |
_aWendell, T. _vCorrespondence. |
| 650 | 0 | _aFinance, Personal. | |
| 656 | 7 |
_aArmy officers. _2itoamc |
|
| 999 |
_c40892 _d40892 |
||